| 000 | 00726nam a2200241Ia 4500 | ||
|---|---|---|---|
| 003 | 0100 | ||
| 005 | 20141014020004.0 | ||
| 008 | 130303s9999 xx 000 0 und d | ||
| 020 | _a8185574162 | ||
| 040 | _cARRUPELIB | ||
| 050 | _aBR128. H5K35 1996 | ||
| 100 |
_aKalliath, Antony _98257 |
||
| 245 | 4 | _aThe Word in the cave | |
| 245 | _bthe experiential journey of Swami Abhishikt ananda to the point of Hindu- | ||
| 260 | _aNew Delhi | ||
| 260 | _bIntercultural Publications | ||
| 300 | _a468p | ||
| 300 | _b26cm | ||
| 650 |
_aChristianity and other religions _98258 |
||
| 650 |
_aHinduism _xRelations _xChristianity _xAbhishiktananda, Swami _98259 |
||
| 700 |
_aAntony Kalliath _98260 |
||
| 942 |
_2lcc _cMONOGRAPH _01 |
||
| 999 |
_c7494 _d7494 |
||